000 00760nam a22002297a 4500
003 DO-SdBNP
005 20251209092513.0
007 ta
008 220801e2004 dr ad||grg||| 001 0 spa d
040 _aDO-SdBNP
_bspa
_cBNPHU
082 4 _222
_bR426u
110 2 _aINDOTEL
_917928
245 1 0 _aUna Sociedad de la Información para todos
260 _aSanto Domingo :
_bDepartamento de Comunicaciones de Indotel,
_c2004
300 _a105 p. :
_bil., gráf. ;
_c28 cm.
590 _aInventariado 2022 / MF
650 0 _aTelecomunicaciones
_9550
_zRepública Dominicana
650 4 _977131
_aTecnologías de la información
_zRepública Dominicana
650 4 _aSociedad de la información
_zRepública Dominicana
_976762
910 _aMFeliz
942 _2ddc
_cLBS1
999 _c52255
_d52255